Jak likvidovat plísně

Uložené v:
Podrobná bibliografia
Hlavní autori: Paříková, Jelena (Autor), Kučerová, Irena (Autor)
Médium: Kniha
Jazyk:Czech
Vydavateľské údaje: Praha : Grada, 2001
Tagy: Pridať tag
Žiadne tagy, Buďte prvý, kto otaguje tento záznam!

MARC

LEADER 00000nam a22000003a 4500
001 stu73069
005 20150617225647.3
008 011219s2001----xr------------------cze-d
020 |a 80-247-9029-7 
040 |a STU  |b slo 
041 0 |a cze 
044 |a xr 
080 |a 628.192 
080 |a 614.48 
100 1 |a Paříková, Jelena  |4 aut 
245 1 |a Jak likvidovat plísně 
260 |a Praha :  |b Grada,  |c 2001 
300 |a 86 s.;obr.,tab 
700 1 |a Kučerová, Irena  |4 aut 
996 |b 284V027972  |c V*47236/O-20784  |l VVT  |s A  |a 24  |w stu73069_0001 
996 |b 284V000404  |c V*47237/O-20784a  |l VVS  |s A  |a 24  |w stu73069_0002